| 000 | 00576nam a22001697a 4500 | ||
|---|---|---|---|
| 999 |
_c13246 _d13246 |
||
| 003 | OSt | ||
| 005 | 20190305205212.0 | ||
| 008 | 190220b ||||| |||| 00| 0 eng d | ||
| 040 | _c1 | ||
| 082 | _2DPer 050 T48 Apr-June 2016 v. 187, n. 12-24. | ||
| 100 |
_937031 _aShuster, Simon |
||
| 245 |
_aScars of war: _bThe long road to recovery for Ukrainians wounded in the fight for their country/ _cSimon Shuster. |
||
| 260 |
_aHong Kong; _bTime Asia, _cc2016 |
||
| 300 |
_av187 n13, pages 22-25: _billustrations; _c27 cm. |
||
| 650 |
_aWounds and injuries. _937032 |
||
| 942 |
_2ddc _cPER |
||